The social sciences; (Record no. 20915)

MARC details
000 -LEADER
fixed length control field 00847nam a2200277 4500
001 - CONTROL NUMBER
control field 768712
003 - CONTROL NUMBER IDENTIFIER
control field BDDh-ASL
005 - DATE AND TIME OF LATEST TRANSACTION
control field 20231015025940.0
008 - FIXED-LENGTH DATA ELEMENTS--GENERAL INFORMATION
fixed length control field 720308s1972 nyua b 001 0 eng
010 ## - LIBRARY OF CONGRESS CONTROL NUMBER
LC control number 71161925
020 ## - INTERNATIONAL STANDARD BOOK NUMBER
International Standard Book Number 0394313143
040 ## - CATALOGING SOURCE
Original cataloging agency DLC
Transcribing agency DLC
Modifying agency DLC
-- BDDh-ASL
050 00 - LIBRARY OF CONGRESS CALL NUMBER
Classification number H83
Item number .P5
082 00 - DEWEY DECIMAL CLASSIFICATION NUMBER
Classification number 300
Item number PIS
100 1# - MAIN ENTRY--PERSONAL NAME
Personal name Pirtle, Wayne G.
245 14 - TITLE STATEMENT
Title The social sciences;
Remainder of title an integrated approach /
Statement of responsibility, etc. [by] Wayne G. Pirtle and John J. Grant. Peter I. Rose: consulting editor.
250 ## - EDITION STATEMENT
Edition statement [1st ed.]
260 ## - PUBLICATION, DISTRIBUTION, ETC.
Place of publication, distribution, etc. New York:
Name of publisher, distributor, etc. Random House
Date of publication, distribution, etc. [1972]
300 ## - PHYSICAL DESCRIPTION
Extent xi, 845 p.
Other physical details illus.
Dimensions 26 cm.
350 ## - PRICE (NR) (BK AM CF MU VM SE) [OBSOLETE]
Price $9.95
504 ## - BIBLIOGRAPHY, ETC. NOTE
Bibliography, etc. note Includes bibliographical references.
650 #0 - SUBJECT ADDED ENTRY--TOPICAL TERM
Topical term or geographic name entry element Social sciences.
700 1# - ADDED ENTRY--PERSONAL NAME
Personal name Grant, John J.,
Relator term joint author.
906 ## - LOCAL DATA ELEMENT F, LDF (RLIN)
a 7
b cbc
c orignew
d 2
e ncip
f 19
g y-gencatlg
942 ## - ADDED ENTRY ELEMENTS (KOHA)
Source of classification or shelving scheme Dewey Decimal Classification
Koha item type Books
Holdings
Withdrawn status Lost status Source of classification or shelving scheme Damaged status Not for loan Collection code Home library Current library Shelving location Date acquired Source of acquisition Total Checkouts Full call number Barcode Date last seen Copy number Price effective from Koha item type
    Dewey Decimal Classification     Non-fiction Asiatic Society Library Asiatic Society Library General Stacks 01/16/2021 Complementary   300 PIS 104423 01/16/2021 C-1 01/16/2021 Books
    Dewey Decimal Classification     Non-fiction Asiatic Society Library Asiatic Society Library Sirajul Islam Collection 04/24/2022 Donated by Prof. Sirajul Islam FRHS   300 PIS 116576 04/24/2022 C-2 04/24/2022 Books

Powered by Koha